Delivering the golden thread: (Record no. 121987)
[ view plain ]
| 000 -LEADER | |
|---|---|
| fixed length control field | 00883nam a22002177a 4500 |
| 005 - DATE AND TIME OF LATEST TRANSACTION | |
| control field | 20240829154108.0 |
| 008 - FIXED-LENGTH DATA ELEMENTS--GENERAL INFORMATION | |
| fixed length control field | 240829s2024 xxk|||||ou||| 00| 0 eng d |
| 110 ## - MAIN ENTRY--CORPORATE NAME | |
| Corporate name or jurisdiction name as entry element | Construction Leadership Council |
| 9 (RLIN) | 6319 |
| 245 ## - TITLE STATEMENT | |
| Title | Delivering the golden thread: |
| Remainder of title | guidance for dutyholders and accountable persons |
| 260 ## - PUBLICATION, DISTRIBUTION, ETC. | |
| Name of publisher, distributor, etc. | Construction Leadership Council, |
| Date of publication, distribution, etc. | August 2024 |
| 300 ## - PHYSICAL DESCRIPTION | |
| Extent | 85p. |
| 520 ## - SUMMARY, ETC. | |
| Summary, etc. | Guidance for dutyholders and accountable persons on delivering the golden thread for higher-risk buildings |
| 650 ## - SUBJECT ADDED ENTRY--TOPICAL TERM | |
| Topical term or geographic name entry element | BUILDING SAFETY ACT 2022 |
| 650 ## - SUBJECT ADDED ENTRY--TOPICAL TERM | |
| Topical term or geographic name entry element | CONSTRUCTION |
| 650 ## - SUBJECT ADDED ENTRY--TOPICAL TERM | |
| Topical term or geographic name entry element | FIRE SAFETY |
| 650 ## - SUBJECT ADDED ENTRY--TOPICAL TERM | |
| Topical term or geographic name entry element | HIGHER-RISK BUILDINGS |
| 651 ## - SUBJECT ADDED ENTRY--GEOGRAPHIC NAME | |
| Geographic name | GOLDEN THREAD OF INFORMATION |
| 690 ## - LOCAL SUBJECT ADDED ENTRY--TOPICAL TERM (OCLC, RLIN) | |
| Topical term or geographic name as entry element | Building control |
| 9 (RLIN) | 6222 |
| 856 ## - ELECTRONIC LOCATION AND ACCESS | |
| Uniform Resource Identifier | <a href="https://www.constructionleadershipcouncil.co.uk/wp-content/uploads/2024/08/CLC-Golden-Thread-Guidance.pdf">https://www.constructionleadershipcouncil.co.uk/wp-content/uploads/2024/08/CLC-Golden-Thread-Guidance.pdf</a> |
| Public note | Available from the CLC |
| 942 ## - ADDED ENTRY ELEMENTS (KOHA) | |
| Source of classification or shelving scheme | Dewey Decimal Classification |
| Withdrawn status | Lost status | Damaged status | Not for loan | Home library | Current library | Shelving location | Date acquired | Total Checkouts | Date last seen | Price effective from | Koha item type |
|---|---|---|---|---|---|---|---|---|---|---|---|
| Virtual | Virtual | Online | 29/08/2024 | 29/08/2024 | 29/08/2024 | Online material |